Responses for show #6573 - Wednesday, March 27, 2013

Contestants

Ryan Truchelut, a meterologist and graduate student from Tallahassee, Florida

Tom Carroll, a court officer lieutenant from White Plains, New York

Pat Clevenger, a civil engineer from Chalfant Borough, Pennsylvania (whose 1-day cash winnings total $16,100)

Jeopardy! Round responses

FROM THE GREEK
CREATURES AMONG US
THE AGE OF MAN
MAJOR LEAGUE BATTING CHAMPS
QUOTES/ MAGAZINES
"I"-PODGE
    $200 10
horoscope

Pat
    $200 30
a bobcat

Tom
    $200 7
(Nathan) Hale

Ryan
    $200 1
Ty Cobb

Pat
    $200 18
rollin' stone

Pat
    $200 16
Istanbul

Ryan
    $400 12
cosmetic

Tom
    $400 27
a snake

Tom
    $400 9
Clarence Darrow

Tom
    $400 2
Stan Musial

Pat
    $400 25
mad

Ryan
    $400 19
ice fishing

Tom
    $1,000 13
(Tom: What's an enigma?)

a dilemma

Tom
    $600 26
an armadillo

Tom
    $600 4
J.J. Abrams

Pat
    $600 3
(Ichiro) Suzuki

Ryan
    $600 24
time

Ryan
    $600 17
the International Date Line

Tom
    $800 14
pachyderm

Pat
    $800 28
a cicada

Tom
    $800 8
Georges Seurat

Tom
    $800 5
Honus Wagner

Tom
    $800 23
people

Tom
    $800 20
an insignia

Ryan
    $1000 15
an epigraph

Triple Stumper
    $1000 29
a macaw

Ryan
    $1000 11
(Ryan: Who is Wagner?)

(Felix) Mendelssohn

TomRyan
    $1000 6
Miguel Cabrera

Pat
    $1000 21
ebony

Tom
    $1000 22
Imaginarium

Pat

Scores at the first commercial break (after clue 15):

Pat Tom Ryan
$3,200 $2,400 -$200

Scores at the end of the Jeopardy! Round:

Pat Tom Ryan
$4,400 $7,200 $2,800

Double Jeopardy! Round responses

I'LL TAKE YOUR CHARACTER
"CC" ME ON THAT
OUT WEST IN THE 1850s
LABOR
UNIQUE PLACES
MOVIE & TV DOGS
    $400 6
James Bond

Pat
    $400 15
the piccolo

Tom
    $400 24
Brigham Young

Pat
    $400 29
the UAW (the United Auto Workers)

Tom
    $400 26
the Sahara

Ryan
    $400 30
Ren

Ryan
    $800 18
fan fiction

Ryan
    $800 16
accelerate

Pat
    $800 23
(Pat: What is Redwood?)
(Ryan: What is Sequoia?)

Oakland

PatRyan
Triple Stumper
    $800 28
Nestlé

Tom
    $800 25
salinity

Tom
    $7,500 27
Lassie & Rin Tin Tin

Ryan
    $1200 8
(Jane) Austen

Ryan
    $1200 10
tobacco

Tom
    $1200 1
Pikes Peak

Pat
    $1200 19
Chicago

Tom
    $1200 4
(Pat: What is UNICEF?)

UNESCO

Pat
Triple Stumper
    $1200 12
The Artist

Tom
    $1600 9
Hedda Gabler

Ryan
    $1600 11
Pinocchio

Ryan
    $2,000 2
Wells Fargo

Pat
    $1600 20
12

Tom
    $1600 5
(Ryan: What is a unicorn?)

dragon

TomRyan
    $1600 13
Asta

Tom
    $2000 22
Cosette

Triple Stumper
    $2000 17
(Pat: [no response])

succinct

Pat
Triple Stumper
    $2000 3
the Gadsden Purchase

Ryan
    $2000 21
Frances Perkins

Triple Stumper
    $2000 7
Hell

Tom
    $2000 14
Elizabeth Taylor

Triple Stumper

Scores at the end of the Double Jeopardy! Round:

Pat Tom Ryan
$5,200 $20,000 $15,900

[wagering suggestions for these scores]

Final Jeopardy! Round responses

AWARDS
PatWhat are the Olympic Medals?
$5,200
RyanWhat are Olympic medals?
$4,101
TomWhat is an Olympic gold medal?
$12,000
the Olympic medals

Final scores:

Pat Tom Ryan
$10,400 $32,000 $20,001
3rd place: $1,000 New champion: $32,000 2nd place: $2,000

Game dynamics:

Coryat scores:

Pat Tom Ryan
$4,800 $21,000 $9,200
13 R
(including 1 DD),
3 W
24 R,
1 W
(including 1 DD)
15 R
(including 1 DD),
3 W

Combined Coryat: $35,000

The J! Archive is created by fans, for fans. The Jeopardy! game show and all elements thereof, including but not limited to copyright and trademark thereto, are the property of Jeopardy Productions, Inc. and are protected under law. This website is not affiliated with, sponsored by, or operated by Jeopardy Productions, Inc. Join the discussion at JBoard.tv.